[Event "World Cup U14 Girls Prel"]
[Site "Tornelo INT"]
[Date "2021.08.11"]
[Round "4"]
[White "Bontempi, Sofia Milagros"]
[Black "Kodikara, Hansi Dewmini"]
[Result "0-1"]
[WhiteElo "1414"]
[BlackElo "1114"]
[PlyCount "114"]
[EventDate "2021.08.11"]
[EventType "swiss (rapid)"]
[EventRounds "10"]
[EventCountry "NET"]
[SourceTitle "EXT 2025"]
[Source "ChessBase"]
[SourceDate "2024.10.14"]
[SourceVersion "1"]
[SourceVersionDate "2024.10.14"]
[SourceQuality "1"]

1. d4 Nf6 2. c4 g6 3. Nc3 Bg7 4. e4 d6 5. Nf3 0-0 6. Be2 e5 7. d5 Nbd7 8. 0-0 c5 9. dxc6 Nc5 10. c7 Qxc7 11. Nb5 Qc6 12. Qxd6 Qxd6 13. Nxd6 Nfxe4 14. Nxe4 Nxe4 15. Be3 b6 16. Rad1 Bb7 17. Rd7 Bc6 18. Rd3 Rfd8 19. Rxd8+ Rxd8 20. Rd1 Rxd1+ 21. Bxd1 Kf8 22. Bc2 Nd6 23. c5 Nc4 24. cxb6 axb6 25. Bc1 f5 26. b3 Nd6 27. Ba3 Ke7 28. Nd2 b5 29. Bb4 Ke6 30. a4 bxa4 31. bxa4 e4 32. a5 Nb5 33. a6 Bd4 34. Nb3 Ba7 35. Nc5+ Kd5 36. Bb3+ Ke5 37. Bg8 h6 38. Nb3 Bd5 39. Bxd5 Kxd5 40. Kf1 Kc4 41. Bf8 Kxb3 42. Bxh6 Nc7 43. Ke2 Nxa6 44. f3 exf3+ 45. Kxf3 Kc4 46. Kf4 Kd5 47. Kg5 Ke4 48. Kxg6 Nc7 49. h4 Bf2 50. h5 Ne6 51. Bd2 Bd4 52. h6 Nf4+ 53. Bxf4 Kxf4 54. g3+ Kg4 55. h7 Be5 56. Kh6 Bh8 57. Kg6 Be5 0-1

[Event "World Cup U14 Girls Prel"]
[Site "Tornelo INT"]
[Date "2021.08.11"]
[Round "6"]
[White "Nusrat Jahan, Alo"]
[Black "Kodikara, Hansi Dewmini"]
[Result "1/2-1/2"]
[WhiteElo "1635"]
[BlackElo "1114"]
[PlyCount "125"]
[EventDate "2021.08.11"]
[EventType "swiss (rapid)"]
[EventRounds "10"]
[EventCountry "NET"]
[SourceTitle "EXT 2025"]
[Source "ChessBase"]
[SourceDate "2024.10.14"]
[SourceVersion "1"]
[SourceVersionDate "2024.10.14"]
[SourceQuality "1"]

1. e4 d6 2. d4 Nf6 3. Nc3 Nbd7 4. Nf3 e5 5. d5 c6 6. Bg5 Be7 7. Bxf6 Nxf6 8. Be2 0-0 9. 0-0 Qc7 10. h3 Rd8 11. Re1 Bd7 12. Qd2 Rac8 13. Rad1 cxd5 14. exd5 Qb6 15. Rb1 Nh5 16. Nxe5 dxe5 17. Bxh5 Qc7 18. Qe3 f6 19. Rbd1 Bc5 20. Qg3 Bf5 21. Bg4 Bxg4 22. Qxg4 Bd4 23. Nb5 Bxf2+ 24. Kxf2 Qb6+ 25. Nd4 Kh8 26. Qe6 exd4 27. Qxb6 axb6 28. Rxd4 Rxc2+ 29. Re2 Rxe2+ 30. Kxe2 Kg8 31. Kd3 Kf7 32. Kc4 Ke7 33. Kb5 Rd6 34. Kc4 f5 35. Rf4 g6 36. Rh4 h5 37. Kd4 Kf6 38. Rf4 g5 39. Rf2 f4 40. g3 Kf5 41. gxf4 gxf4 42. h4 b5 43. Rg2 f3 44. Rf2 Kf4 45. Kc5 Rf6 46. d6 Rf8 47. d7 Ke3 48. Rh2 f2 49. Rh1 Ke2 50. Kd6 f1Q 51. Rxf1 Kxf1 52. Ke7 Rh8 53. d8Q Rxd8 54. Kxd8 Kg2 55. Kc7 Kg3 56. Kxb7 Kxh4 57. b3 Kg3 58. a4 bxa4 59. bxa4 h4 60. a5 h3 61. a6 h2 62. a7 h1Q+ 63. Kb8 1/2-1/2

[Event "World Cup U14 Girls Prel"]
[Site "Tornelo INT"]
[Date "2021.08.11"]
[Round "8"]
[White "Radej, Pika"]
[Black "Kodikara, Hansi Dewmini"]
[Result "1/2-1/2"]
[WhiteElo "1364"]
[BlackElo "1114"]
[PlyCount "91"]
[EventDate "2021.08.11"]
[EventType "swiss (rapid)"]
[EventRounds "10"]
[EventCountry "NET"]
[SourceTitle "EXT 2025"]
[Source "ChessBase"]
[SourceDate "2024.10.14"]
[SourceVersion "1"]
[SourceVersionDate "2024.10.14"]
[SourceQuality "1"]

1. c4 Nf6 2. g3 g6 3. Bg2 Bg7 4. e3 0-0 5. Ne2 d6 6. Nbc3 e5 7. 0-0 c6 8. b3 d5 9. d4 e4 10. Ba3 Re8 11. cxd5 cxd5 12. Nf4 Nc6 13. Qd2 Bf5 14. Nb5 Qd7 15. Nd6 Red8 16. Nxf5 Qxf5 17. Rac1 Rac8 18. Qe2 g5 19. Nh5 Nxh5 20. Qxh5 Qg6 21. Qxg6 hxg6 22. Bh3 f5 23. Rfd1 Kf7 24. Bf1 a6 25. Bc5 Ne7 26. Bb6 Rxc1 27. Rxc1 Rc8 28. Rxc8 Nxc8 29. Bc5 Bf8 30. Bxf8 Kxf8 31. Be2 Nd6 32. h4 g4 33. Kf1 Ke7 34. Ke1 Kd7 35. Kd2 b5 36. Kc3 Kc6 37. a4 bxa4 38. bxa4 a5 39. Kb3 Kb6 40. Bf1 Nc8 41. Bb5 Ne7 42. Be8 Kc7 43. Kc3 Kd8 44. Bf7 Kd7 45. Kb3 Kd6 46. Kc3 1/2-1/2